[Event "TUR-chT 1st League"]
[Site "Konya"]
[Date "2022.08.25"]
[Round "5.6"]
[White "Akbas, Umut Ata"]
[Black "Uzun, Fuat"]
[Result "1-0"]
[WhiteElo "2274"]
[BlackElo "1937"]
[PlyCount "85"]
[EventDate "2022.08.22"]
[EventType "team-swiss"]
[EventRounds "9"]
[EventCountry "TUR"]
[SourceTitle "CBM 209 Extra"]
[Source "ChessBase"]
[SourceDate "2022.09.30"]
[SourceVersion "1"]
[SourceVersionDate "2022.09.30"]
[SourceQuality "1"]
[WhiteTeam "Mercan Sanat"]
[BlackTeam "Olbia Satranc"]
[WhiteTeamCountry "TUR"]
[BlackTeamCountry "TUR"]

1. d4 d5 2. c4 c6 3. Nf3 Nf6 4. Nc3 a6 5. c5 g6 6. Bf4 Bg7 7. e3 Bf5 8. h3 0-0 9. Qb3 Ra7 10. Be2 Nbd7 11. 0-0 Ne4 12. Rfd1 Re8 13. Nxe4 Bxe4 14. Ng5 Bf5 15. e4 Bxe4 16. Nxe4 dxe4 17. d5 Nxc5 18. Qe3 b6 19. dxc6 Qa8 20. b4 Ne6 21. Rac1 Nxf4 22. Qxf4 Rc8 23. c7 e5 24. Qh4 g5 25. Qxg5 f6 26. Qg4 Raxc7 27. Qe6+ Kh8 28. Rxc7 Rxc7 29. Qxb6 Rc8 30. Bxa6 Rb8 31. Qc7 Rg8 32. Qb7 Qxb7 33. Bxb7 Rb8 34. Rd7 Bf8 35. a3 f5 36. g4 fxg4 37. hxg4 e3 38. fxe3 Bh6 39. Kf2 Bg5 40. a4 e4 41. Ke2 Rf8 42. Bxe4 Re8 43. Kd3 1-0

[Event "TUR-chT 1st League"]
[Site "Konya"]
[Date "2022.08.24"]
[Round "4.8"]
[White "Uzun, Fuat"]
[Black "Oz, Ozan"]
[Result "1-0"]
[WhiteElo "1937"]
[BlackElo "1881"]
[PlyCount "57"]
[EventDate "2022.08.22"]
[EventType "team-swiss"]
[EventRounds "9"]
[EventCountry "TUR"]
[SourceTitle "CBM 209 Extra"]
[Source "ChessBase"]
[SourceDate "2022.09.30"]
[SourceVersion "1"]
[SourceVersionDate "2022.09.30"]
[SourceQuality "1"]
[WhiteTeam "Olbia Satranc"]
[BlackTeam "Denizli Metin Surmeli"]
[WhiteTeamCountry "TUR"]
[BlackTeamCountry "TUR"]

1. d4 d5 2. c4 c6 3. Nc3 e6 4. Nf3 dxc4 5. a4 Bb4 6. g3 c5 7. Bg2 Nc6 8. e3 cxd4 9. Nxd4 Ne5 10. 0-0 Nd3 11. Bd2 e5 12. Nc2 Nxb2 13. Qh5 Qxd2 14. Qxe5+ Be7 15. Qb5+ Bd7 16. Qxb2 Bf6 17. Qxb7 Rd8 18. Rad1 Qxc2 19. Rxd7 Rxd7 20. Bc6 Qf5 21. Rd1 Bd4 22. Rxd4 Nf6 23. Bxd7+ Nxd7 24. Qa8+ Ke7 25. Nd5+ Kd6 26. Qxh8 Ne5 27. Qd8+ Kc5 28. Qa5+ Kd6 29. Qc7+ 1-0

[Event "TUR-chT 1st League"]
[Site "Konya"]
[Date "2019.07.26"]
[Round "7.7"]
[White "Uzun, Fuat"]
[Black "Basgonul, Bekir Serkan"]
[Result "0-1"]
[WhiteElo "1966"]
[BlackElo "1850"]
[PlyCount "108"]
[EventDate "2019.07.22"]
[EventType "team-swiss"]
[EventRounds "9"]
[EventCountry "TUR"]
[SourceTitle "CBM 191 Extra"]
[Source "ChessBase"]
[SourceDate "2019.09.30"]
[SourceVersion "1"]
[SourceVersionDate "2019.09.30"]
[SourceQuality "1"]
[WhiteTeam "Olbia Satranc"]
[BlackTeam "Genc Akademisyenler"]
[WhiteTeamCountry "TUR"]
[BlackTeamCountry "TUR"]

1. e4 c5 2. Nf3 Nc6 3. d4 cxd4 4. Nxd4 g6 5. c4 Nf6 6. Nc3 Nxd4 7. Qxd4 d6 8. f3 Bg7 9. Be3 0-0 10. Qd2 Qa5 11. Be2 Be6 12. Rc1 Rfc8 13. b3 a6 14. a4 Qb4 15. Nd5 Qxd2+ 16. Kxd2 Nxd5 17. cxd5 Bd7 18. a5 Bb2 19. Rxc8+ Rxc8 20. Bc4 f5 21. Rb1 Be5 22. h3 fxe4 23. fxe4 Kg7 24. Kd3 Rf8 25. b4 Rc8 26. b5 axb5 27. Bxb5 Rc3+ 28. Kd2 Bc8 29. Be2 Bf6 30. Bg4 Bxg4 31. hxg4 Rc7 32. Rc1 Rxc1 33. Kxc1 Bc3 34. Bb6 Kf6 35. Kc2 Be1 36. Kd3 Ke5 37. Bd8 Bh4 38. g3 Bg5 39. Bb6 Kf6 40. Bd4+ Kf7 41. Kc4 Ke8 42. Kb5 Kd7 43. Kb6 Kc8 44. Ka7 Bd2 45. Kb6 Be1 46. e5 Bxg3 47. e6 Bh4 48. Be3 h5 49. gxh5 gxh5 50. Bf4 Bf2+ 51. Kb5 h4 52. Bxd6 exd6 53. a6 bxa6+ 54. Kxa6 Kd8 0-1

[Event "TUR-chT 1st League"]
[Site "Konya"]
[Date "2019.07.25"]
[Round "6.5"]
[White "Uzun, Fuat"]
[Black "Yagiz, Yasin Emrah"]
[Result "1/2-1/2"]
[WhiteElo "1966"]
[BlackElo "2215"]
[PlyCount "82"]
[EventDate "2019.07.22"]
[EventType "team-swiss"]
[EventRounds "9"]
[EventCountry "TUR"]
[SourceTitle "CBM 191 Extra"]
[Source "ChessBase"]
[SourceDate "2019.09.30"]
[SourceVersion "1"]
[SourceVersionDate "2019.09.30"]
[SourceQuality "1"]
[WhiteTeam "Olbia Satranc"]
[BlackTeam "Bulancak Ihsaniye Genclik"]
[WhiteTeamCountry "TUR"]
[BlackTeamCountry "TUR"]

1. e4 c5 2. Nf3 Nc6 3. d4 cxd4 4. Nxd4 Nf6 5. Nc3 e5 6. Ndb5 d6 7. Bg5 a6 8. Na3 b5 9. Nd5 Be7 10. Nxe7 Qxe7 11. c4 b4 12. Nc2 0-0 13. Bd3 h6 14. Bh4 Be6 15. f3 a5 16. 0-0 Qa7+ 17. Bf2 Qb7 18. Ne3 Nd7 19. Bc2 Nd4 20. Nd5 Bxd5 21. cxd5 Nxc2 22. Qxc2 Rfc8 23. Qd2 Nc5 24. Rfc1 Qb5 25. Be3 Rc7 26. Bxc5 Rxc5 27. Rc2 Rac8 28. Rac1 a4 29. h3 b3 30. axb3 axb3 31. Rxc5 Rxc5 32. Rxc5 Qxc5+ 33. Kf1 Kh7 34. Ke2 g6 35. Qe3 Qc2+ 36. Qd2 Qb1 37. Qc3 Qg1 38. Qxb3 Qxg2+ 39. Ke3 Qg1+ 40. Ke2 Qg2+ 41. Ke3 Qg1+ 1/2-1/2

[Event "TUR-chT 1st League"]
[Site "Konya"]
[Date "2017.07.18"]
[Round "3.8"]
[White "Uzun, Fuat"]
[Black "Li, Di"]
[Result "0-1"]
[WhiteElo "1999"]
[BlackElo "2469"]
[PlyCount "105"]
[EventDate "2017.07.17"]
[EventType "team-swiss"]
[EventRounds "9"]
[EventCountry "TUR"]
[SourceTitle "CBM 179 Extra"]
[Source "ChessBase"]
[SourceDate "2017.08.23"]
[SourceVersion "1"]
[SourceVersionDate "2017.08.23"]
[SourceQuality "1"]
[WhiteTeam "Antalya Olbia"]
[BlackTeam "Karaman Saglik"]
[WhiteTeamCountry "TUR"]
[BlackTeamCountry "TUR"]

1. e4 c5 2. Nf3 e6 3. c3 Nf6 4. d3 Nc6 5. Be2 d5 6. exd5 Qxd5 7. d4 cxd4 8. cxd4 Be7 9. Nc3 Qd6 10. 0-0 0-0 11. Be3 Rd8 12. Qd2 Nd5 13. Rfd1 Bd7 14. Rac1 Be8 15. Bg5 Bxg5 16. Qxg5 Qf4 17. Qxf4 Nxf4 18. Bf1 f6 19. Ne2 Nd5 20. Ng3 Nce7 21. Bc4 Rac8 22. h3 Rc6 23. Bxd5 Nxd5 24. Ne2 Ra6 25. a3 Rb6 26. Rd2 Rb3 27. Ne1 Bg6 28. f3 Kf8 29. Kf2 Ke7 30. Nc3 Nxc3 31. Rxc3 Rxc3 32. bxc3 Rc8 33. Rb2 b6 34. Rb3 e5 35. dxe5 fxe5 36. a4 Rc5 37. Ke3 Ra5 38. Rb5 Rxb5 39. axb5 Bf7 40. Nd3 Kd6 41. Nb4 Bc4 42. Nc6 a5 43. bxa6 Kxc6 44. a7 Kb7 45. Ke4 Bf1 46. g4 Bxh3 47. Kxe5 Kxa7 48. Kd6 Bg2 49. f4 Bh3 50. g5 Ka6 51. c4 Kb7 52. c5 bxc5 53. Kxc5 0-1

[Event "TUR-chT"]
[Site "Kocaeli"]
[Date "2008.06.24"]
[Round "2"]
[White "Secer, Ata"]
[Black "Uzun, Fuat"]
[Result "1-0"]
[WhiteElo "2306"]
[BlackElo "2070"]
[PlyCount "103"]
[EventDate "2008.06.24"]
[EventType "team"]
[EventRounds "15"]
[EventCountry "TUR"]
[SourceTitle "CBM 125 Extra"]
[Source "ChessBase"]
[SourceDate "2008.09.01"]
[SourceVersion "1"]
[SourceVersionDate "2008.09.01"]
[SourceQuality "1"]

1. e4 d5 2. exd5 Qxd5 3. Nc3 Qa5 4. d4 Nf6 5. Bc4 c6 6. Nge2 Bf5 7. Bd2 Nbd7 8. Ng3 Bg6 9. h4 h6 10. Nd5 Qd8 11. Nf4 Bh7 12. Qe2 Nb6 13. Bb3 e6 14. 0-0-0 Nbd5 15. Nfh5 Bg6 16. Nxf6+ Nxf6 17. Rhe1 Bd6 18. Nf1 Qc7 19. Ne3 0-0-0 20. Nc4 Bf4 21. Ne5 Bh5 22. g4 Bxe5 23. dxe5 Nxg4 24. f3 Nxe5 25. Qxe5 Bxf3 26. Qxc7+ Kxc7 27. Bf4+ Kc8 28. Rxd8+ Rxd8 29. Rg1 Rd4 30. Be3 Rd7 31. c3 g6 32. Bxa7 e5 33. Be3 h5 34. Rf1 Bd5 35. Bxd5 cxd5 36. Rf6 Kd8 37. Bc5 Ke8 38. Bd6 e4 39. Kd2 b5 40. Ke3 Ra7 41. a3 Ra6 42. Kd4 e3 43. Kxe3 Kd7 44. Be5 Rxf6 45. Bxf6 Ke6 46. Bd4 Kf5 47. b3 g5 48. a4 bxa4 49. bxa4 Ke6 50. a5 Kd6 51. a6 Kc6 52. hxg5 1-0

[Event "Wch U20"]
[Site "Istanbul"]
[Date "2005.11.21"]
[Round "12"]
[White "Uzun, Fuat"]
[Black "Acuner, Emrah"]
[Result "1-0"]
[WhiteElo "2070"]
[BlackElo "1903"]
[PlyCount "149"]
[EventDate "2005.11.09"]
[EventType "swiss"]
[EventRounds "13"]
[EventCountry "TUR"]
[SourceTitle "CBM 109 Extra"]
[Source "ChessBase"]
[SourceDate "2006.01.03"]
[SourceVersion "2"]
[SourceVersionDate "2006.01.03"]
[SourceQuality "1"]

1. d4 Nf6 2. c4 e6 3. Nf3 b6 4. a3 Bb7 5. Nc3 d6 6. Qc2 Nbd7 7. e4 c5 8. d5 e5 9. Bd3 g6 10. h3 Bg7 11. Be3 a6 12. 0-0 0-0 13. Qd2 Ne8 14. Bg5 f6 15. Bh6 Bxh6 16. Qxh6 Qe7 17. Nd2 Qg7 18. Qe3 f5 19. Bc2 f4 20. Qe2 Ndf6 21. Ba4 g5 22. f3 h5 23. Kf2 Bc8 24. Bc6 Ra7 25. Ke1 g4 26. hxg4 hxg4 27. Qf2 Nh5 28. Kd1 Ng3 29. Rg1 Nf6 30. Kc2 Qg5 31. Na4 b5 32. cxb5 axb5 33. Bxb5 Ba6 34. Nc3 Qg6 35. Bxa6 Rxa6 36. Rge1 Nd7 37. b4 Rfa8 38. Kb2 Nb6 39. b5 Na4+ 40. Nxa4 Rxa4 41. Nb1 gxf3 42. gxf3 Kf7 43. Nc3 Rc4 44. Qc2 Qh5 45. Qb3 Qh2+ 46. Qc2 Qh8 47. Red1 Rd4 48. Rac1 Qh5 49. Qf2 Qh4 50. Rh1 Qf6 51. Rh7+ Kg8 52. Qh2 Rd2+ 53. Qxd2 Kxh7 54. Qh2+ Kg6 55. Qh3 Re8 56. Rc2 Rh8 57. Qg4+ Kf7 58. Qd7+ Qe7 59. Qxe7+ Kxe7 60. a4 Nf1 61. Rg2 Ne3 62. Rg7+ Kd8 63. b6 Nc4+ 64. Kb3 Nxb6 65. a5 Nc8 66. a6 Ne7 67. Na4 Nc8 68. Kc4 Rh3 69. a7 Nxa7 70. Rxa7 Rxf3 71. Kb5 Re3 72. Kc6 Rxe4 73. Kxd6 Kc8 74. Nxc5 Re2 75. Ra8# 1-0

[Event "Wch U20"]
[Site "Istanbul"]
[Date "2005.11.16"]
[Round "7"]
[White "Grecescu, Gabriel Andrei"]
[Black "Uzun, Fuat"]
[Result "1-0"]
[WhiteElo "2380"]
[BlackElo "2070"]
[PlyCount "105"]
[EventDate "2005.11.09"]
[EventType "swiss"]
[EventRounds "13"]
[EventCountry "TUR"]
[SourceTitle "CBM 109 Extra"]
[Source "ChessBase"]
[SourceDate "2006.01.03"]
[SourceVersion "2"]
[SourceVersionDate "2006.01.03"]
[SourceQuality "1"]

1. Nf3 Nf6 2. d4 d5 3. g3 Bf5 4. Bg2 h6 5. 0-0 e6 6. c4 c6 7. b3 Bd6 8. Bb2 Nbd7 9. Nbd2 Qe7 10. Re1 Ne4 11. a3 Ndf6 12. Nxe4 Bxe4 13. Nd2 Bxg2 14. Kxg2 Qd7 15. e4 dxe4 16. Nxe4 Be7 17. Qf3 0-0 18. Rad1 Nxe4 19. Rxe4 f5 20. Ree1 Bf6 21. Bc3 Rad8 22. a4 Qf7 23. a5 a6 24. Rd3 Rd7 25. Qe2 Re8 26. Red1 Bd8 27. Re3 Bf6 28. Red3 Bd8 29. Bd2 Bc7 30. f4 Bd8 31. Bb4 Bf6 32. Bc5 Bd8 33. b4 Bf6 34. Re1 Kh7 35. h3 Kg8 36. Qe3 Kh7 37. Re2 Kg8 38. Qf3 Qg6 39. Kh2 h5 40. Rg2 Kf7 41. Rgd2 Kg8 42. Re2 Qf7 43. Kg2 g6 44. g4 fxg4 45. hxg4 Kh7 46. Kf1 hxg4 47. Qxg4 Kg7 48. Rh3 Bxd4 49. Reh2 Qg8 50. Rh6 Kf7 51. Bxd4 Rxd4 52. Rh7+ Kf8 53. Qg5 1-0

[Event "Wch U20"]
[Site "Istanbul"]
[Date "2005.11.12"]
[Round "4"]
[White "Uzun, Fuat"]
[Black "Lauda, Alexandr"]
[Result "1-0"]
[WhiteElo "2070"]
[BlackElo "2010"]
[PlyCount "55"]
[EventDate "2005.11.09"]
[EventType "swiss"]
[EventRounds "13"]
[EventCountry "TUR"]
[SourceTitle "CBM 109 Extra"]
[Source "ChessBase"]
[SourceDate "2006.01.03"]
[SourceVersion "2"]
[SourceVersionDate "2006.01.03"]
[SourceQuality "1"]

1. d4 Nf6 2. c4 e6 3. Nf3 b6 4. a3 Bb7 5. Nc3 Be7 6. Qc2 d5 7. cxd5 Nxd5 8. e4 Nxc3 9. bxc3 0-0 10. Bd3 Nd7 11. e5 h6 12. Be3 c5 13. Qd2 cxd4 14. cxd4 Re8 15. Bxh6 Nc5 16. dxc5 gxh6 17. Bb5 Bxf3 18. Bxe8 Bd5 19. Bb5 Bxc5 20. Qxh6 Bd4 21. Bd3 Bc3+ 22. Ke2 f5 23. exf6 Qc7 24. Qg6+ Kf8 25. Qh6+ Kg8 26. Qg5+ Kf8 27. Rac1 Qc5 28. Qg7+ 1-0